| 000 | 01274nam a2200337 i 4500 | ||
|---|---|---|---|
| 001 | 000012326 | ||
| 003 | DO-SdBNP | ||
| 005 | 20251008095212.0 | ||
| 007 | ta | ||
| 008 | 091111s1991 dr a 000 f spa d | ||
| 040 |
_aDO-SdBNP _bspa _cBNPHU _erda |
||
| 041 | _aspa | ||
| 082 | 4 |
_aRD863.44 _bG216b _222 |
|
| 100 | 1 |
_aGarcía-Godoy, Federico, _d1920- _eautor _4aut. _937239 |
|
| 245 | 1 | 0 |
_aBaladas de amor / _cFederico García Godoy ; composición, Lucas Fabian ; diagramación, Angelita Flete. |
| 250 | _aPrimera edición | ||
| 264 | 1 |
_aSanto Domingo, República Dominicana : _bEditora Alfa y Omega, _c1991. |
|
| 300 |
_a227 páginas : _bilustraciones ; _c26 cm. |
||
| 336 |
_atexto _btxt _2rdacontent |
||
| 337 |
_asin mediación _bn _2rdamedia |
||
| 338 |
_avolumen _bnc _2rdacarrier |
||
| 500 | _aIncluye datos biográficos del autor en la contracubierta | ||
| 500 | _aHomenaje póstumo a Elizabeth Mosher de García-Godoy en el 67 aniversario de su natalicio | ||
| 590 | _aInventariado, 2020/BT | ||
| 650 | 4 |
_aNovela dominicana _9223 |
|
| 650 | 4 |
_aLiteratura dominicana. _967 |
|
| 700 | 1 |
_aFabian, Lucas, _ecomposición _4comp. _988669 |
|
| 700 | 1 |
_aFlete, Angelita, _ediagramador _4di. _988670 |
|
| 910 | _aValidado. Control de calidad MFF | ||
| 942 |
_2ddc _cLBS1 |
||
| 999 |
_c11983 _d11983 |
||